| 000 | 01478nam a2200289Ia 4500 | ||
|---|---|---|---|
| 003 | PE SENCICO BE | ||
| 005 | 20251020182433.0 | ||
| 008 | 200515s9999 xx 000 0 und d | ||
| 020 | _a958-64-8355-X | ||
| 040 |
_aPE SENCICO BE _cPE SENCICO BE |
||
| 041 | _aspa | ||
| 082 |
_a363.11 _bT83 2004 |
||
| 100 | 1 |
_aTrujillo Mejía, Raúl Felipe _92651 _eautor |
|
| 245 | 1 | 0 |
_aSeguridad ocupacional / _cRaúl Felipe Trujillo Mejía |
| 250 | _a3a ed. | ||
| 260 |
_aBogotá : _bEcoe Ediciones : _bNorma ; _c2004 |
||
| 300 |
_a299 p. : _btbl., graf. ; _c24 cm. |
||
| 490 | _aBiblioteca Luis Ángel Arango | ||
| 505 | 0 | _aHistoria de la seguridad ocupacional -- Datos de accidentalidad y estadísticos -- La seguridad ocupacional en el marco de la salud ocupacional -- Hogar seguro, hogar feliz -- Los accidentes de trabajo y sus estadísticas -- Almacenamiento y manipulación de bienes -- Manejo seguro de herramientas -- Manejo seguro de la electricidad -- Tecnología basada del fuego -- Control y extinción del fuego -- Manejo seguro de los gases -- Permisos de trabajo -- Inspecciones planeadas -- Elementos de protección personal -- El control total de pérdidas un lenguaje gerencial. | |
| 650 | 1 | 0 |
_aRiesgos laborales _9610 |
| 650 | 2 | 0 |
_aAdministración de personal _92317 |
| 650 | 2 | 0 |
_aSeguridad industrial _996 |
| 650 | 2 | 0 |
_aAccidentes de trabajo _9348 |
| 650 | 2 | 0 |
_aInspección de fabricas _92652 |
| 650 | 2 | 0 |
_aResponsabilidad patronal _92653 |
| 942 |
_cLIB _2ddc |
||
| 999 |
_c304 _d304 |
||